000 01351nam a2200361 a 4500
001 60642
003 CO-BoRNBP
005 20260305201321.0
007 ta
008 070718s2007 sp ab gr 00110bspa d
020 _a9789705802218
040 _aCO-BoBLA
_bspa
_cCO-BoBLA
041 1 _aspa
_heng
043 _ae-gx---
082 0 4 _aI927.8
_bM69w
_220
100 1 _aWeeks, Marcus.
_969317
245 1 0 _aMozart :
_bde dónde vienen mis ideas, no lo sé, tampoco puedo forzarlas a que lo hagan... /
_cMarcur Weeks ; traducción Luz María Mendez.
250 _aEdición Gerardo Mendiola y William Dietzel.
300 _a64 p. :
_bil., mapa ;
_c25 cm.
336 _2rdacontent
_atexto
_btxt
337 _2rdamedia
_asin mediación
_bn
338 _2rdacarrier
_avolumen
_bnc
500 _aGlosario : p. 60-61.
504 _aIncluye bibliografía e índice.
534 _tMozart : When my ideas come, I know not nor can I force them.
600 1 7 _aMozart, Johann Chrysostom Wolfgang Amadeus,
_d1756-1791
_v Biografías
_v Literatura juvenil.
_969318
650 7 _aMúsicos alemanes
_v Biografías
_v Literatura juvenil.
_2BLAAUTO
_969319
700 1 _aMéndez Beltrán, Luz María,
_d1946-
_etr.
_969320
700 1 _aMendiola, Gerardo,
_eed.
_969321
700 1 _aDietzel, William,
_eed.
_969322
942 _2ddc
_cBK
949 _an
_bn
999 _c60642
_d60642